Carbohydrate antigens /
Enregistré dans:
| Collectivités auteurs: | , |
|---|---|
| Autres auteurs: | , |
| Format: | Livre |
| Langue: | anglais |
| Publié: |
Washington, DC
Americna Chemical Society
1993.
|
| Collection: | ACS symposium series,
519 |
| Sujets: | |
| Accès en ligne: | Voir à l'OPAC |
| Tags: |
Pas de tags, Soyez le premier à ajouter un tag!
|
MARC
| LEADER | 00000pam a2200000 a 4500 | ||
|---|---|---|---|
| 005 | 20260127134109.0 | ||
| 008 | 171201s1993 dcua b 101 0 eng | ||
| 010 | |a 92-039537 | ||
| 020 | |a 0841225311 |q (alk. paper) | ||
| 035 | |a vtls001518470 | ||
| 035 | |a (DLC) 92039537 | ||
| 035 | |a ()2979062 | ||
| 039 | 9 | |a 201712011407 |b VLOAD |c 200503091016 |d mschk03 |y 200503091013 |z mschk03 | |
| 040 | |a STUSCHK1 |b slo |c STUSCHK1 | ||
| 082 | 0 | 0 | |a 616.07/92 |2 20 |
| 245 | 0 | 0 | |a Carbohydrate antigens / |c Per J. Garegg, Alf A. Lindberg, [editors]. |
| 260 | |a Washington, DC |b Americna Chemical Society |c 1993. | ||
| 300 | |a xi, 184 p. |b ill. |c 24 cm. | ||
| 440 | 0 | |a ACS symposium series, |x 0097-6156 ; |v 519 | |
| 500 | |a "Developed from a symposium sponsored by the Division of Carbohydrate Chemistry of the American Chemical Society at the Fourth Chemical Congress of North America (202nd National Meeting of the American Chemical Society) New York, New York, August 25-30, 1991." | ||
| 504 | |a Includes bibliographical references and indexes. | ||
| 650 | 0 | |a Carbohydrates |x Immunology |x Congresses. | |
| 700 | 1 | |a Garegg, Per J. | |
| 700 | 1 | |a Lindberg, Alf A. | |
| 710 | 2 | |a American Chemical Society. |b Division of Carbohydrate Chemistry | |
| 710 | 2 | |a American Chemical Society. |b Meeting |n (202. : |d 1991 : |c New York, N.Y.) | |
| 906 | |a 7 |b cbc |c orignew |d 1 |e ocip |f 19 |g y-gencatlg | ||
| 910 | |a SCHK95 | ||
| 919 | |a 0-8412-2531-1 | ||
| 991 | |b c-GenColl |h QR186.6.C37 |i C37 1993 |p 00055906373 |t Copy 1 |v 519 |w BOOKS | ||
| 999 | |c 4012 |d 4012 | ||